|
|
|
|
| LEADER |
00000nas a2200000 a 4500 |
| 001 |
ssj0017572 |
| 003 |
WaSeSS |
| 005 |
20200512172242.0 |
| 006 |
m d |
| 007 |
cr n |
| 008 |
991216c19799999gw mr pss 0 0eng c |
| 010 |
|
|
|a 2004233429
|
| 016 |
7 |
|
|a 013089730
|2 Uk
|
| 022 |
|
|
|a 1432-1335
|l 0171-5216
|y 0171-5216
|
| 035 |
|
|
|a (WaSeSS)ssj0017572
|
| 040 |
|
|
|a GAT
|b eng
|c GAT
|d OCLCQ
|d GUA
|d OCLCQ
|d MUQ
|d OCL
|d AU@
|d OCLCQ
|d UKMGB
|d OCLCQ
|d NUI
|d VT2
|d OCLCF
|d OCLCO
|d OCLCQ
|d APAHS
|d AUD
|d NJT
|d CGU
|d WaSeSS
|
| 042 |
|
|
|a pcc
|
| 050 |
1 |
4 |
|a RC267
|
| 060 |
0 |
0 |
|a W1
|b JO574E
|
| 082 |
0 |
4 |
|a 616.994
|
| 130 |
0 |
|
|a Journal of cancer research and clinical oncology (Online)
|
| 245 |
1 |
0 |
|a Journal of cancer research and clinical oncology
|h [electronic resource].
|
| 246 |
1 |
7 |
|a J cancer res clin oncol
|
| 260 |
|
|
|a Heidelberg :
|b Springer-Verlag Heidelberg
|
| 310 |
|
|
|a Monthly
|
| 362 |
1 |
|
|a Print began with v. 93, published in 1979.
|
| 506 |
|
|
|a License restrictions may limit access.
|
| 515 |
|
|
|a Some issues combined.
|
| 538 |
|
|
|a Mode of access: World Wide Web.
|
| 550 |
|
|
|a Official organ of the Deutsche Krebsgesellschaft.
|
| 588 |
|
|
|a Description based on: Vol. 123, no. 3 (Mar. 1997); title from contents screen (Springer LINK, viewed Mar. 26, 2004).
|
| 588 |
|
|
|a Latest issue consulted: Vol. 130, no. 3 (Mar. 2004), viewed Mar. 26, 2004.
|
| 650 |
|
0 |
|a Cancer
|x Research
|v Periodicals.
|
| 650 |
|
0 |
|a Oncology
|v Periodicals.
|
| 650 |
|
6 |
|a Cancer
|x Recherche
|v Périodiques.
|
| 650 |
|
6 |
|a Cancérologie
|v Périodiques.
|
| 650 |
|
7 |
|a Cancer
|x Research.
|2 fast
|0 (OCoLC)fst00845497
|
| 650 |
|
7 |
|a Oncology.
|2 fast
|0 (OCoLC)fst01045739
|
| 655 |
|
0 |
|a Electronic journals.
|
| 710 |
2 |
|
|a Deutsche Krebsgesellschaft.
|
| 776 |
0 |
8 |
|i Print version:
|t Journal of cancer research and clinical oncology
|x 0171-5216
|w (DLC)sc 79005997
|w (OCoLC)4678452
|
| 780 |
0 |
0 |
|t Zeitschrift für Krebsforschung und klinische Onkologie
|x 0084-5353
|w (DLC)sn 82020525
|w (OCoLC)732993723
|
| 856 |
4 |
0 |
|z Full text available from Research Library: 01/01/1997 to 1 year ago
|u https://search.proquest.com/publication/47182
|